00867 2200169 4500245008500000020002200085250001100107100002300118650001700141005001900158260003000177041001400207084001100221300003100232500042500263336000900688 aLove You Anyway b : Akan Tiba Saatnya Kau MecintaikucAlamanda HindersahhText a978-979-780-742-9 aCet. 1 aAlamanda Hindersah aNovel Remaja a20240215090555 aJakartabGagasMediac2014 aIndonesia a808.83 avi + 230 hlm :c13 x 19 cm aJatuh cinta tak pernah sederhana. Terutama, ketika kita tak pernah mengerti bagaimana menjabarkannya. Terkadang, dia tak berlogika. Sering kali, dia bermain hati. Kamu, perempuan yang membawaku jauh dari keinginanku. Melewati arus yang tak punya pasti. Menyeretku jauh hingga tak tahu lagi ada di mana. Kamu pun tak pernah menjawab mengapa kita ada di sana. Bukankah lebih mudah jika kita berada di sisi yang tak beriak? atext